| 000 | 01060nam a22003257a 4500 | ||
|---|---|---|---|
| 003 | CHAP | ||
| 005 | 20220329140341.0 | ||
| 008 | 971013s1959 r 00010 d | ||
| 010 | _a50805 | ||
| 011 | _a51777 | ||
| 035 | _a55927 | ||
| 040 | _cCHAP | ||
| 082 |
_a631.47 _bV65 |
||
| 100 | 0 | 0 |
_aVoisin, André. _9120626 |
| 245 |
_aSoil, grass and cancer _b: health of animals and men in linked to the mineral balance of the soil |
||
| 260 |
_aLondon : _bLockwood, _c1959 |
||
| 300 |
_a302 p. _b: ilus. |
||
| 504 | _aBibliografía: p. 268-285 | ||
| 590 |
_aBATCH-UPD _b10 _c20130110 _lUCH01 _h1551 |
||
| 590 |
_aBATCH-UPD _b10 _c20130410 _lUCH01 _h0949 |
||
| 590 |
_aBATCH-UPD _b10 _c20130914 _lUCH01 _h0952 |
||
| 590 |
_aCONVERSION _b10 _c20130109 _lUCH01 _h1328 |
||
| 650 | 1 | 4 |
_aCáncer. _924025 |
| 650 | 1 | 4 |
_aSuelos y enfermedades (Animales) _9110575 |
| 650 | 1 | 4 |
_aSuelos y enfermedades (Humanas) _9110576 |
| 650 | 1 | 4 |
_aSuelos y nutrición. _9110578 |
| 901 | _aBK | ||
| 942 | _cLIBRO | ||
| 949 |
_a631.47 V65 _bBC _cLIBRO _d33724000079984 _eLIBRO _h21616 _i55927 _si |
||
| 999 |
_c50805 _d50805 |
||